00567nam a22001697a 450000500170000000800410001702000260005803700080008404000170009224501130010926000310022227000470025330000290030050000200032970000220034970000260037120100512140522.0091103t xxu||||| |||| 00| 0 eng d a9788189640903c795.00 bPUB adplbEnglish aDeveloping countries and the WTO:cedited by Gary P. Sampson (and) W. Bradnee Chambers bpolicy approaches / aNew Delhi bBookwellc2009 a24/4800 Ansari Road, Darya Ganjb`e110002 axviii, 327p. c24cm(Hb)  aIncludes index  aSampson, Gary P.  aChambers, W. Bradnee